Quizzes
Events
Quiz Creation
Community
Videos
Private Events
Remove Ads
Sign In
Join for FREE
Feedback
Dark Mode
Quiz Categories
Sports
Geography
Music
Movies
Television
Just For Fun
Miscellaneous
History
Literature
Language
Science
Gaming
Entertainment
Religion
Holiday
For Kids
Quiz Lab
Recent
Popular Today
Quiz Kudos Today
Editor Picks
Curator Picks
Quizzes by...
Day
Popularity
Type
Ratings
Length
Year
Community
Subscriptions
Recent Discussions
Orange Saloon
Badges
Playlists
Quests
Create
Leaderboards
Showdown
Live 5
Trivia Bingo
Activity
Puzzle Library
Sporcle Events
Private Events
Virtual Trivia
Globe League
Become a Host
Pub Owners
SporcleCon
Opinionation
Our Games
Videos
Blog
Mobile Apps
Partnerships
Remove Ads and Go Orange
Feedback
Entertainment
Celebrity
Famous
Musical
Broadway
Show
Quote
Comic Books
Anime
Superhero
DC Comics
Marvel
Cartoons
Animation
Entertainment
Celebrity
Famous
Musical
Broadway
Show
Quote
Comic Books
Anime
Superhero
DC Comics
Marvel
Cartoons
Animation
Random Quiz
Search Sporcle
×
Quiz Lab
Quiz Lab
Entertainment
Broadway
Type in answers that appear in a list
Type in answers that appear in a list
Classic
Best Score? Go Orange.
Highest Grossing Broadway Musicals Stats
Can you name the highest grossing Broadway musicals of all time?
By
Usmcfunkymunky
5m
10 Questions
165 Plays
165 Plays
165 Plays
Comments
Comments
Give Quiz Kudos
Give Quiz Kudos
-
- Ratings
hide this ad
Replay
Link that replays current quiz
Next Quiz
Link to next quiz in quiz playlist
You Got
0%
They Got
Avg Score
63%
Avg Friend Score
Upgrade to see
Score Distribution
Jump to the score distribution portion of the page
Score
0/10
Timer
05:00
0
Plays Today
Hint
Answer
% Correct
#2
The Phantom of the Opera
93.3%
#4
Cats
86.1%
#1
The Lion King
81.8%
#3
Wicked
77%
#6
Les Miserables
69.7%
#5
Chicago: The Musical
63%
#8
Beauty and the Beast
57.6%
#7
Mamma Mia!
44.2%
#10
The Producers
33.9%
#9
Miss Saigon
28.5%
Quiz Playlist
Details
Report
Send in Message
Add To Playlist
Classic:
Type in answers that appear in a list
Last Updated: Feb 16, 2017
Quiz Scoreboard
CHALLENGE
Sign Up to Join the Scoreboard
Show All
Scores
Hide
Comments
May contain spoilers
Recently Published
An Introduction to Baseball
by treessimontrees
Sports
5m
Movies - When Are They Set?
by FPL_Elf
Movies
5m
Popular People in 1961
by mucciniale
History
6m
More to Explore
Quiz From the Vault
Featured Blog Post
Where Did the Easter Bunny Come From?
hide this ad
You Might Also Like...
Tags
Broadway Quiz
Musical Quiz
Play Quiz
highest
Opera
Today's Top Quizzes in Entertainment
Browse Entertainment
hide this ad
Today's Top Quizzes in Broadway
Browse Broadway
Top Contributed Quizzes in Entertainment
1
Kamen Rider Motifs
2
7-to-1: DC Comics Villains
3
Dragon Ball Z: Goku's Fights in Order
4
Dragon Ball Z: Mega Character Search
5
Marvel Characters Bunker
6
Criteria Quickie: Cartoon Taxonomy II
7
Fictional Villains Letter U Blitz
8
Sorting Pictures: Villains
9
One Thing in Common: Fictional Characters
10
Eurovision 2023 Logic Puzzle
Explore More
Trending Topics
NBA
Marvel
Disney
Kpop
Crossword
Harry Potter
Anime
The Office
Pokémon
Song
Country
WWE
NFL
Soccer
Puzzle
hide this ad
More By:
Usmcfunkymunky
Quiz
Plays
Rating
Category
Featured
Created
Words of Many Words
71,897
4.22
Language
Feb 15, 2013
'R'-Less Presidents
48,552
4.64
History
Sep 2, 2013
7-Letter Vocabulary (Hard)
48,228
4.56
Language
Jan 24, 2014
7-Letter Vocabulary (Medium)
38,752
4.56
Language
Jan 24, 2014
7-Letter Vocabulary (Easy)
27,941
4.49
Language
Jan 24, 2014
Go to Creator's Profile
Score Distribution
Quiz Creator Spotlight
Usmcfunkymunky
Follow
Send a Message
Quizzes Created
-
Created Quiz Play Count
-
More By This Creator
Popular Quizzes Today
1
Find the Countries of Europe - No Outlines Minefield
2
Find the US States - No Outlines Minefield
3
The Countries of the World
4
Popular People in 1961
5
US States
6
Find the US States
7
1-10 Letter E Words III
8
Risky Map Clicking: Biggest States A-Z
More Entertainment Quizzes
Spelling with Celebrities
Published
Trending Quizzes
Risky Map Clicking: Least Populous States A-Z
1-10 Letter F Words
1-10 Letter G Words
Not Quite an Element Typing Challenge
One Thing in Common: United Kingdom
Recently Updated
Leaping Animals
pecheneg
Reality TV Shows (A-Z)
bhenderson79
Rickey Henderson's Hall of Fame Teammates
pecheneg
Champions League XIs: Arsenal
pecheneg
Quick Pick: Celebrities in WWE's Hall of Fame
aduchscher
A-Z Keypad Blitz II
pecheneg
Multiple Oscar Actors
pecheneg
Mystery Phrase Blitz: Oscar 'Best Actors'
pecheneg
F. Scott Fitzgerald Novels
LTH
Pick 3 Villains
ddd62291
Trending Topics
Kpop
Harry Potter
Crossword
Marvel
Anime
Disney
NBA
Country
NFL
Song
The Office
WWE
Pokémon
Puzzle
Soccer
Your Account Isn't Verified!
In order to create a playlist on Sporcle, you need to verify the email address you used during registration. Go to your
Sporcle Settings
to finish the process.
Report this User
Report this user for behavior that violates our
Community Guidelines
.
Details:
Send Report
Go to the Sporcle.com Mobile Site →
Comments